[Event "Buenos Aires-chT Intercoop 30th"]
[Site "Buenos Aires"]
[Date "2004.09.04"]
[Round "3"]
[White "Fuentes Vasallo, Eduardo Alberto"]
[Black "Villanueva, Mario Nicolas"]
[Result "1-0"]
[WhiteElo "2141"]
[BlackElo "2168"]
[PlyCount "76"]
[EventDate "2004.08.21"]
[EventType "team"]
[EventRounds "7"]
[EventCountry "ARG"]
[SourceTitle "CBM 102 Extra"]
[Source "ChessBase"]
[SourceDate "2004.11.03"]
[SourceVersion "1"]
[SourceVersionDate "2004.11.03"]
[SourceQuality "1"]

1. e4 c5 2. Nf3 g6 3. d4 cxd4 4. Nxd4 Bg7 5. Nc3 d6 6. Bb5+ Bd7 7. Bxd7+ Qxd7 8. 0-0 Nc6 9. Be3 Nf6 10. f3 0-0 11. Qd2 Rac8 12. Rad1 Nxd4 13. Bxd4 b5 14. Ne2 Rc4 15. c3 a5 16. g4 b4 17. Qd3 Qc7 18. b3 Rc6 19. c4 a4 20. Qd2 Qa5 21. Bb2 Nd7 22. Bxg7 Kxg7 23. Nf4 Nc5 24. Nd5 e6 25. Qb2+ e5 26. Rb1 Ne6 27. f4 Qc5+ 28. Kg2 Nd4 29. f5 f6 30. h4 axb3 31. axb3 Ra6 32. Qd2 Rfa8 33. Nxb4 Ra3 34. g5 gxf5 35. gxf6+ Kh8 36. Qh6 R3a7 37. Nd5 Ra2+ 38. Kh1 Ne2 1-0

[Event "Buenos Aires Intercoop 29th"]
[Site "Buenos Aires"]
[Date "2003.??.??"]
[Round "1"]
[White "Ricardi, Pablo"]
[Black "Fuentes Vasallo, Eduardo Alberto"]
[Result "1-0"]
[WhiteElo "2540"]
[BlackElo "2141"]
[PlyCount "80"]
[EventDate "2003.08.23"]
[EventType "team"]
[EventRounds "7"]
[EventCountry "ARG"]
[SourceTitle "EXT 2004"]
[Source "ChessBase"]
[SourceDate "2003.11.25"]
[SourceVersion "1"]
[SourceVersionDate "2003.11.25"]
[SourceQuality "1"]

1. e4 c5 2. Nf3 Nc6 3. Bb5 e6 4. 0-0 Nge7 5. c3 d5 6. exd5 Qxd5 7. d4 cxd4 8. Qa4 a6 9. Nxd4 e5 10. Nxc6 Nxc6 11. Bc4 Qd7 12. Rd1 Qc7 13. Bg5 Be7 14. Bxe7 Qxe7 15. Bd5 Qc7 16. Na3 0-0 17. Bxc6 bxc6 18. Nc4 Be6 19. Qa5 Qxa5 20. Nxa5 c5 21. b3 f6 22. f3 Rfc8 23. Rd6 Kf7 24. Rad1 Rc7 25. Kf2 Bf5 26. Ke3 Bc2 27. R1d2 Bf5 28. h4 h5 29. Rb6 Raa7 30. Rdd6 Rd7 31. Rbc6 Rxd6 32. Rxd6 Bd7 33. Ke4 Ke7 34. Kd5 Rc7 35. Rxa6 Bb5 36. Re6+ Kd7 37. Rd6+ Ke7 38. c4 Bd7 39. a4 Bf5 40. Nc6+ Ke8 1-0

[Event "Vicente Lopez Rubinstein op"]
[Site "Vicente Lopez"]
[Date "2000.11.17"]
[Round "2"]
[White "Fuentes Vasallo, Eduardo Alberto"]
[Black "Larsen, Bent"]
[Result "1/2-1/2"]
[WhiteElo "2153"]
[BlackElo "2500"]
[PlyCount "107"]
[EventDate "2000.11.16"]
[EventType "swiss"]
[EventRounds "9"]
[EventCountry "ARG"]
[SourceTitle "EXT 2002"]
[Source "ChessBase"]
[SourceDate "2001.11.25"]
[SourceVersion "1"]
[SourceVersionDate "2001.11.25"]
[SourceQuality "1"]

1. e4 c5 2. Nf3 Nc6 3. d4 cxd4 4. Nxd4 e6 5. Nc3 Qc7 6. g3 a6 7. Bg2 Nf6 8. 0-0 Be7 9. Bf4 e5 10. Nxc6 dxc6 11. Be3 0-0 12. h3 b5 13. Qe2 Be6 14. Rfd1 Rad8 15. a3 Nd7 16. g4 Nb6 17. Rxd8 Rxd8 18. Rd1 Nc4 19. Bc1 h6 20. Rxd8+ Qxd8 21. Qd3 Qb6 22. Bf1 a5 23. Nd1 a4 24. Kg2 Bg5 25. Bxg5 hxg5 26. c3 Kf8 27. Be2 Ke7 28. Qc2 Qd8 29. Qd3 Qxd3 30. Bxd3 Nd2 31. Ne3 Kd6 32. f3 Kc5 33. Kf2 Nb3 34. Ke2 Na5 35. Kd1 Nb7 36. Ke1 Nd8 37. Kf2 Bb3 38. Kg3 Ne6 39. h4 gxh4+ 40. Kxh4 g5+ 41. Kg3 Nf4 42. Bf1 Be6 43. Kf2 Ng6 44. Ke1 Ne7 45. Be2 Nc8 46. Kf2 Nd6 47. Ke1 Bc4 48. Kd2 Bxe2 49. Kxe2 Nc4 50. Nd1 Kb6 51. Kd3 c5 52. Kc2 Ka5 53. Kd3 Kb6 54. Kc2 1/2-1/2

[Event "Buenos Aires tt"]
[Site "Buenos Aires"]
[Date "2000.??.??"]
[Round "4"]
[White "Fuentes Vasallo, Eduardo Alberto"]
[Black "Behar, Eduardo"]
[Result "1/2-1/2"]
[WhiteElo "2152"]
[BlackElo "2210"]
[PlyCount "40"]
[EventDate "2000.??.??"]
[EventType "team"]
[EventRounds "1"]
[EventCountry "ARG"]
[SourceTitle "EXT 2001"]
[Source "ChessBase"]
[SourceDate "2000.11.22"]
[SourceVersion "1"]
[SourceVersionDate "2000.11.22"]
[SourceQuality "1"]

1. e4 e5 2. Nf3 Nc6 3. Bb5 a6 4. Ba4 Nf6 5. 0-0 b5 6. Bb3 Be7 7. d3 d6 8. a3 Bg4 9. Nbd2 Nd4 10. Ba2 Qd7 11. c3 Nxf3+ 12. Nxf3 c5 13. d4 exd4 14. cxd4 cxd4 15. h3 Bh5 16. Re1 0-0 17. b4 a5 18. bxa5 Ra7 19. Bd2 d5 20. e5 Ne4 1/2-1/2

[Event "Villa Martelli Warsteiner"]
[Site "Villa Martelli"]
[Date "1999.??.??"]
[Round "6"]
[White "Fuentes Vasallo, Eduardo Alberto"]
[Black "Scarella, Enrique Alejandro"]
[Result "1/2-1/2"]
[WhiteElo "2177"]
[BlackElo "2338"]
[PlyCount "47"]
[EventDate "1999.??.??"]
[EventType "tourn"]
[EventRounds "10"]
[EventCountry "ARG"]
[SourceTitle "EXT 2000"]
[Source "ChessBase"]
[SourceDate "1999.11.16"]
[SourceVersion "1"]
[SourceVersionDate "1999.11.16"]
[SourceQuality "1"]

1. e4 d5 2. exd5 Nf6 3. d4 Nxd5 4. Nf3 g6 5. Bc4 Bg7 6. 0-0 0-0 7. Re1 Nc6 8. c3 h6 9. Na3 Nb6 10. Bb5 Qd6 11. Be3 a6 12. Nc4 Nxc4 13. Bxc4 Kh8 14. Qd2 e5 15. Nxe5 Nxe5 16. dxe5 Bxe5 17. Qxd6 Bxd6 18. Rad1 Bf5 19. Bd5 a5 20. b3 Rab8 21. Ba7 Ra8 22. Be3 Rab8 23. Ba7 Ra8 24. Be3 1/2-1/2

[Event "Buenos Aires Ejercito op"]
[Site "Buenos Aires"]
[Date "1998.??.??"]
[Round "7"]
[White "Fuentes Vasallo, Eduardo Alberto"]
[Black "Giardelli, Sergio Carlos"]
[Result "1-0"]
[WhiteElo "2190"]
[BlackElo "2450"]
[PlyCount "43"]
[EventDate "1998.10.??"]
[EventType "swiss"]
[EventRounds "9"]
[EventCountry "ARG"]
[SourceTitle "EXT 2002"]
[Source "ChessBase"]
[SourceDate "2001.11.25"]
[SourceVersion "1"]
[SourceVersionDate "2001.11.25"]
[SourceQuality "1"]

1. e4 c5 2. Nf3 e6 3. d4 cxd4 4. Nxd4 Nc6 5. Nc3 Qc7 6. Be3 Nf6 7. Be2 Be7 8. 0-0 0-0 9. f4 d6 10. Qe1 a6 11. Qg3 Kh8 12. Rad1 Bd7 13. Nb3 Rad8 14. Qf2 Qb8 15. g4 d5 16. g5 Nxe4 17. Nxe4 dxe4 18. Bb6 Nb4 19. Bxd8 Rxd8 20. c3 Nd5 21. c4 Nb6 22. Qxb6 1-0

[Event "Buenos Aires Ejercito op"]
[Site "Buenos Aires"]
[Date "1998.??.??"]
[Round "3"]
[White "Giaccio, Alfredo Gustavo"]
[Black "Fuentes Vasallo, Eduardo Alberto"]
[Result "1-0"]
[WhiteElo "2460"]
[BlackElo "2190"]
[PlyCount "93"]
[EventDate "1998.10.??"]
[EventType "swiss"]
[EventRounds "9"]
[EventCountry "ARG"]
[SourceTitle "EXT 2002"]
[Source "ChessBase"]
[SourceDate "2001.11.25"]
[SourceVersion "1"]
[SourceVersionDate "2001.11.25"]
[SourceQuality "1"]

1. e4 c5 2. Nf3 Nc6 3. d4 cxd4 4. Nxd4 Qc7 5. Nc3 e6 6. Be2 Nf6 7. Be3 a6 8. 0-0 b5 9. Nxc6 dxc6 10. f4 b4 11. Na4 c5 12. c3 bxc3 13. Nxc3 Bb7 14. Bf3 Be7 15. e5 Nd7 16. Bxb7 Qxb7 17. Qc2 0-0 18. Ne4 Rfc8 19. Rad1 Rc6 20. Rf2 Qc7 21. Rfd2 Nb6 22. Nc3 Rd8 23. Rxd8+ Bxd8 24. Qd3 Be7 25. Qxa6 g6 26. a4 Kg7 27. Qb5 Nd7 28. a5 Nb8 29. Na4 Na6 30. Nb6 Nb8 31. Rc1 f6 32. exf6+ Bxf6 33. Rxc5 Rxc5 34. Qxc5 Qxc5 35. Bxc5 Bxb2 36. Kf1 Kf6 37. Na4 Bc1 38. Bd6 Nc6 39. a6 Be3 40. Ke2 Bg1 41. Kd3 Bxh2 42. Kc4 Na7 43. Bb8 Bg1 44. Bxa7 Bxa7 45. Kb5 e5 46. fxe5+ Kxe5 47. Kc6 1-0

[Event "ESP op"]
[Site "Spain"]
[Date "1997.??.??"]
[Round "2"]
[White "Basora Pascual, Lluc"]
[Black "Fuentes Vasallo, Eduardo Alberto"]
[Result "1-0"]
[WhiteElo "2100"]
[BlackElo "2190"]
[PlyCount "45"]
[EventDate "1997.??.??"]
[EventType "swiss"]
[EventRounds "9"]
[EventCountry "ESP"]
[SourceTitle "EXT 2004"]
[Source "ChessBase"]
[SourceDate "2003.11.25"]
[SourceVersion "1"]
[SourceVersionDate "2003.11.25"]
[SourceQuality "1"]

1. e4 c5 2. Nf3 Nc6 3. d4 cxd4 4. Nxd4 Qb6 5. Nb3 Nf6 6. Nc3 e6 7. Be3 Qc7 8. Bd3 d6 9. 0-0 a6 10. a4 b6 11. f4 Be7 12. Qf3 Bb7 13. Qg3 0-0 14. f5 exf5 15. Rxf5 Ne5 16. Raf1 Kh8 17. Bd4 Bc8 18. Nd5 Nxd5 19. Rxe5 Nf6 20. Rxe7 Qxe7 21. Rxf6 Rg8 22. Rh6 f6 23. Qh4 1-0

[Event "Buenos Aires FMDA-chT"]
[Site "Buenos Aires"]
[Date "1996.??.??"]
[Round "4"]
[White "Fuentes Vasallo, Eduardo Alberto"]
[Black "Moreno Carnero, Javier"]
[Result "1/2-1/2"]
[WhiteElo "2185"]
[BlackElo "2375"]
[PlyCount "72"]
[EventDate "1996.??.??"]
[EventType "team"]
[EventRounds "8"]
[EventCountry "ARG"]
[SourceTitle "EXT 2001"]
[Source "ChessBase"]
[SourceDate "2000.11.22"]
[SourceVersion "1"]
[SourceVersionDate "2000.11.22"]
[SourceQuality "1"]

1. e4 c5 2. Nf3 d6 3. d4 cxd4 4. Nxd4 Nf6 5. Nc3 Nc6 6. Be2 e6 7. 0-0 Be7 8. Be3 0-0 9. f4 Bd7 10. g4 Nxd4 11. Bxd4 Bc6 12. Bf3 b5 13. Qe2 b4 14. Nd1 e5 15. fxe5 dxe5 16. Bxe5 Qa5 17. Bxf6 Bxf6 18. Qe1 Rac8 19. c3 bxc3 20. bxc3 Bb5 21. Be2 Rfe8 22. Bxb5 Qxb5 23. Qe3 Qa4 24. Re1 h6 25. Qf3 Qc4 26. Re2 Rcd8 27. Nf2 Qxc3 28. Qxc3 Bxc3 29. Rc1 Be5 30. Rc4 Rd7 31. Kg2 Bc7 32. Nh3 Red8 33. Ng1 Bb6 34. Nf3 Rd1 35. e5 Rb1 36. h4 Re8 1/2-1/2

[Event "Clarin GP op 4th"]
[Site "Potrero de los Funes"]
[Date "1995.??.??"]
[Round "3"]
[White "Fuentes Vasallo, Eduardo Alberto"]
[Black "Rodriguez, Jorge Luis"]
[Result "0-1"]
[WhiteElo "2210"]
[BlackElo "2395"]
[PlyCount "76"]
[EventDate "1995.06.17"]
[EventType "swiss"]
[EventRounds "9"]
[EventCountry "ARG"]
[SourceTitle "EXT 1997"]
[Source "ChessBase"]
[SourceDate "1996.11.15"]
[SourceVersion "1"]
[SourceVersionDate "1996.11.15"]
[SourceQuality "1"]

1. e4 c5 2. Nf3 d6 3. d4 cxd4 4. Nxd4 Nf6 5. Nc3 a6 6. f4 Qc7 7. Be2 Nc6 8. Bf3 e5 9. Nde2 Be7 10. 0-0 0-0 11. Kh1 Re8 12. a4 Rb8 13. f5 b5 14. axb5 axb5 15. g4 b4 16. Nb1 h6 17. Be3 Bb7 18. c3 Na5 19. Qd3 d5 20. Nd2 Nb3 21. Ra7 Nxd2 22. Qxd2 bxc3 23. bxc3 dxe4 24. Bg2 Nxg4 25. Bg1 e3 26. Qa2 Bc5 27. Rxb7 Rxb7 28. Qa4 Nf6 29. h3 Rb2 30. Qc4 Bb6 31. Qa6 Rd8 32. Bh2 Rdd2 33. Re1 Qa7 34. Qc8+ Kh7 35. Qc4 Qa2 36. Qxa2 Rxa2 37. Bf1 Ne4 38. Bxe5 Nf2+ 0-1

[Event "Clarin GP op 4th"]
[Site "Potrero de los Funes"]
[Date "1995.??.??"]
[Round "7"]
[White "Fuentes Vasallo, Eduardo Alberto"]
[Black "Szmetan, Jorge"]
[Result "0-1"]
[WhiteElo "2210"]
[BlackElo "2435"]
[PlyCount "112"]
[EventDate "1995.06.17"]
[EventType "swiss"]
[EventRounds "9"]
[EventCountry "ARG"]
[SourceTitle "EXT 1997"]
[Source "ChessBase"]
[SourceDate "1996.11.15"]
[SourceVersion "1"]
[SourceVersionDate "1996.11.15"]
[SourceQuality "1"]

1. e4 Nf6 2. e5 Nd5 3. d4 d6 4. Nf3 Bg4 5. Be2 c6 6. 0-0 Bxf3 7. Bxf3 dxe5 8. dxe5 e6 9. Qe2 Nd7 10. c4 Ne7 11. Bg4 g6 12. b3 Qc7 13. Bb2 h5 14. Bf3 0-0-0 15. Na3 Nf5 16. Rfe1 Bb4 17. Red1 Bxa3 18. Bxa3 Nxe5 19. Bb2 Nxf3+ 20. Qxf3 Rxd1+ 21. Rxd1 Rd8 22. h3 Rxd1+ 23. Qxd1 Qd6 24. Qe2 c5 25. Be5 Qd8 26. Kh2 f6 27. Bc3 Qd6+ 28. Kg1 Nd4 29. Qd1 e5 30. Qd2 Qe6 31. f3 g5 32. Qd3 Qf5 33. Qxf5+ Nxf5 34. Kf2 h4 35. Ke2 Kd7 36. Kd3 Ng7 37. Bd2 Ke6 38. Be3 b6 39. Bd2 Nh5 40. Ke2 Kf5 41. b4 Nf4+ 42. Kf1 cxb4 43. Bxb4 Nd3 44. Bd6 a6 45. Bc7 b5 46. cxb5 axb5 47. a3 Nb2 48. Bd6 Nc4 49. Be7 Kf4 50. Kf2 f5 51. Bc5 e4 52. fxe4 Kxe4 53. Be7 Kf4 54. Bc5 g4 55. Be7 g3+ 56. Kf1 Ne3+ 0-1

[Event "Buenos Aires Najdorf op"]
[Site "Buenos Aires"]
[Date "1993.??.??"]
[Round "8"]
[White "Farah, Rodolfo"]
[Black "Fuentes Vasallo, Eduardo Alberto"]
[Result "1-0"]
[WhiteElo "2260"]
[BlackElo "2315"]
[PlyCount "93"]
[EventDate "1993.04.??"]
[EventType "swiss"]
[EventRounds "11"]
[EventCountry "ARG"]
[SourceTitle "TD"]
[Source "ChessBase"]
[SourceDate "1994.03.01"]
[SourceVersion "1"]
[SourceVersionDate "1994.03.01"]
[SourceQuality "1"]

1. e4 c5 2. Nf3 Nc6 3. d4 cxd4 4. Nxd4 Qb6 5. Nb3 Nf6 6. Nc3 e6 7. Be3 Qc7 8. a3 a6 9. f4 d6 10. Be2 b5 11. Bf3 Bb7 12. Qe2 Be7 13. 0-0 b4 14. axb4 Nxb4 15. Na5 d5 16. Nxb7 Qxb7 17. exd5 Nbxd5 18. Nxd5 exd5 19. c4 0-0 20. cxd5 Bd6 21. Bd4 Rfe8 22. Qd3 Nd7 23. Be4 h6 24. Rac1 Qb4 25. Rc4 Qb5 26. Rc6 Qb4 27. Bh7+ Kh8 28. Bc3 Qb8 29. Qg3 f6 30. Bd3 Nc5 31. Bf5 Nd7 32. Qh3 Nf8 33. Qh4 Qd8 34. Rf3 Qe7 35. h3 a5 36. Kh2 Nh7 37. Bd4 a4 38. Bg6 Rec8 39. Re3 Qf8 40. Qg4 Rd8 41. h4 a3 42. bxa3 Rxa3 43. Re6 Bb4 44. Bxh7 Kxh7 45. Qf5+ Kg8 46. Rxf6 Qe7 47. Rxh6 1-0

[Event "Buenos Aires FMD tt"]
[Site "Buenos Aires"]
[Date "1993.??.??"]
[Round "5"]
[White "Fuentes Vasallo, Eduardo Alberto"]
[Black "German, Gustavo"]
[Result "0-1"]
[WhiteElo "2275"]
[BlackElo "2290"]
[PlyCount "84"]
[EventDate "1993.??.??"]
[EventType "team"]
[EventRounds "7"]
[EventCountry "ARG"]
[SourceTitle "EXT 1998"]
[Source "ChessBase"]
[SourceDate "1997.11.17"]
[SourceVersion "1"]
[SourceVersionDate "1997.11.17"]
[SourceQuality "1"]

1. e4 c5 2. Nf3 Nc6 3. d4 cxd4 4. Nxd4 Nf6 5. Nc3 e5 6. Ndb5 d6 7. Bg5 a6 8. Bxf6 gxf6 9. Na3 b5 10. Nd5 f5 11. exf5 Bxf5 12. c3 Bg7 13. Nc2 Be6 14. Nce3 Ne7 15. g3 Nxd5 16. Nxd5 0-0 17. Bg2 Rc8 18. 0-0 Kh8 19. Qd2 f5 20. Rad1 Qd7 21. f4 Qa7+ 22. Kh1 e4 23. g4 Rfd8 24. a3 Rc6 25. Rfe1 Qf7 26. g5 Rd7 27. Re3 Rd8 28. Rh3 Kg8 29. Bf1 Rb8 30. Be2 Rd8 31. Bh5 Qb7 32. Rg3 Kh8 33. Rh3 Rc5 34. Nf6 Bxf6 35. gxf6 Bf7 36. Qe3 Rd5 37. Rxd5 Qxd5 38. Bxf7 Qxf7 39. Qd4 Rf8 40. Rh6 Rg8 41. Rh3 Rf8 42. Rh6 e3 0-1

[Event "Martinez Valle op"]
[Site "Martinez Valle"]
[Date "1993.??.??"]
[Round "3"]
[White "Fuentes Vasallo, Eduardo Alberto"]
[Black "Giardelli, Sergio Carlos"]
[Result "0-1"]
[WhiteElo "2315"]
[BlackElo "2425"]
[PlyCount "72"]
[EventDate "1993.??.??"]
[EventType "swiss"]
[EventRounds "7"]
[EventCountry "ARG"]
[SourceTitle "EXT 1998"]
[Source "ChessBase"]
[SourceDate "1997.11.17"]
[SourceVersion "1"]
[SourceVersionDate "1997.11.17"]
[SourceQuality "1"]

1. e4 c5 2. Nf3 e6 3. d4 cxd4 4. Nxd4 a6 5. c4 Nf6 6. Bd3 d6 7. Nc3 g6 8. 0-0 Bg7 9. Nc2 0-0 10. b3 Nbd7 11. Bb2 Nc5 12. f3 b5 13. cxb5 d5 14. e5 Nh5 15. f4 Nxf4 16. Rxf4 Bxe5 17. Rf3 axb5 18. b4 Nd7 19. Qe2 Bb7 20. Rh3 Bg7 21. Bxb5 e5 22. Na4 d4 23. Bxd7 Qxd7 24. Nc5 Qd5 25. Nxb7 Qxb7 26. a4 Qd7 27. a5 Rfc8 28. Qd2 Bf8 29. Nxd4 exd4 30. Bxd4 Rd8 31. Rd3 Qb5 32. Rb1 Rd7 33. Re3 Rad8 34. Rd1 Bg7 35. Bxg7 Rxd2 36. Rxd2 Rxd2 0-1

[Event "Villa Ballester op"]
[Site "Villa Ballester"]
[Date "1993.??.??"]
[Round "9"]
[White "Fuentes Vasallo, Eduardo Alberto"]
[Black "Perez, Raul"]
[Result "1-0"]
[WhiteElo "2315"]
[BlackElo "2245"]
[PlyCount "41"]
[EventDate "1993.??.??"]
[EventType "swiss"]
[EventRounds "9"]
[EventCountry "ARG"]
[SourceTitle "EXT 1998"]
[Source "ChessBase"]
[SourceDate "1997.11.17"]
[SourceVersion "1"]
[SourceVersionDate "1997.11.17"]
[SourceQuality "1"]

1. e4 c5 2. Nf3 e6 3. Nc3 a6 4. d4 cxd4 5. Nxd4 Qc7 6. Bd3 Bc5 7. Nb3 Ba7 8. a4 Nf6 9. 0-0 Nc6 10. Kh1 h5 11. f4 Ng4 12. Qe2 Nd4 13. Nxd4 Bxd4 14. Nd1 g5 15. c3 gxf4 16. cxd4 Qd6 17. e5 Qxd4 18. Bxf4 b6 19. Be4 Rb8 20. Nc3 Qb4 21. Rad1 1-0